CAFM SYSTÉMY A POČÍTAČOVÁ GRAMOTNOST UŽIVATELŮ

Bibliographic Details
Main Author: Talášek, Jan (Author)
Format: Article
Language:Czech
ISBN:9788089216345

MARC

LEADER 00000naa a2200000uu 4500
001 vtls011057721
003 SK-MaSNL
005 20260302113935.0
008 220810|2010 xo |||||||||||||||||cze|
015 |a SNBRA 
035 |a (urnnbn)urn:nbn:sk:snk:ar-a0c01h 
035 |a (uuid)e1187bdc-dfa2-46b0-a11f-369a760fda16 
035 |a urn:nbn:sk:snk-aav6n0 
040 |a SNKBUCL  |b slo  |c SNKBUCL  |e AACR2 
041 0 |a cze 
044 |a xo  |c SK 
100 1 |a Talášek, Jan  |4 aut  |9 774694 
245 1 0 |a CAFM SYSTÉMY A POČÍTAČOVÁ GRAMOTNOST UŽIVATELŮ  |c Jan TALÁŠEK 
773 0 |t Facility Managemgent 2010  |d Bratislava : Slovenská spoločnosť pre techniku prostredia ZSVTS, 2010  |g S. 121-122  |z 9788089216345 
954 |a odborná, vedecká literatúra cudzojazyčná (svetová)  |2 lita 
958 |a OND 
958 |a article12 
958 |a chapter 
999 |c 1257713  |d 1259643